[Event "Treviso op-B 4th"]
[Site "Treviso"]
[Date "2023.04.01"]
[Round "3"]
[White "Casagrande, Corrado"]
[Black "Maffeis, Federico"]
[Result "1-0"]
[WhiteElo "1613"]
[BlackElo "1505"]
[PlyCount "59"]
[EventDate "2023.03.31"]
[EventType "swiss"]
[EventRounds "5"]
[EventCountry "ITA"]
[SourceTitle "EXT 2024"]
[Source "ChessBase"]
[SourceDate "2023.10.10"]
[SourceVersion "1"]
[SourceVersionDate "2023.10.10"]
[SourceQuality "1"]

1. d4 d5 2. c4 dxc4 3. Nf3 Nf6 4. Nc3 a6 5. a4 Nc6 6. e3 Na5 7. Ne5 Be6 8. Qf3 g6 9. g4 Bg7 10. h4 Bd5 11. Nxd5 Qxd5 12. Qxd5 Nxd5 13. Nxc4 Nxc4 14. Bxc4 Nb4 15. Ke2 c5 16. Bd2 a5 17. Bb5+ Kd8 18. Bxb4 axb4 19. dxc5 Rc8 20. Rad1+ Kc7 21. Rd7+ Kb8 22. b3 Rxc5 23. Rxe7 Rd8 24. Rxf7 Rc2+ 25. Kf3 Bc3 26. h5 Rdd2 27. Kg2 g5 28. Rf1 h6 29. Rd7 Re2 30. Bxe2 1-0

[Event "Mogliano Veneto op-B 32nd"]
[Site "Mogliano Veneto"]
[Date "2011.04.30"]
[Round "2"]
[White "Dussin, Davide"]
[Black "Casagrande, Corrado"]
[Result "1/2-1/2"]
[WhiteElo "1872"]
[BlackElo "1770"]
[PlyCount "72"]
[EventDate "2011.04.29"]
[EventType "swiss"]
[EventRounds "5"]
[EventCountry "ITA"]
[SourceTitle "EXT 2024"]
[Source "ChessBase"]
[SourceDate "2023.10.10"]
[SourceVersion "1"]
[SourceVersionDate "2023.10.10"]
[SourceQuality "1"]

1. d4 Nf6 2. c4 e5 3. dxe5 Ng4 4. Nf3 Bc5 5. e3 Nc6 6. Be2 Ngxe5 7. Nc3 Nxf3+ 8. Bxf3 Ne5 9. Be2 0-0 10. 0-0 Re8 11. b3 Bf8 12. Bb2 d6 13. Qc2 Bd7 14. Rad1 Qg5 15. f4 Qg6 16. Qxg6 Nxg6 17. e4 Bc6 18. Bd3 a5 19. Nd5 Bxd5 20. exd5 c6 21. g3 c5 22. a4 Re3 23. Bc1 Ree8 24. Rfe1 Be7 25. Bb2 Bf6 26. Bxf6 gxf6 27. Kf2 Kf8 28. h4 Kg7 29. Bf5 Rad8 30. Kf3 Ne7 31. Bh3 f5 32. g4 fxg4+ 33. Bxg4 Ng6 34. h5 Ne7 35. Rg1 Kf6 36. Rge1 h6 1/2-1/2

[Event "Venice Salvioli op"]
[Site "Venice Sanudo"]
[Date "2000.02.27"]
[Round "2.9"]
[White "Casagrande, Corrado"]
[Black "Marson, Luca"]
[Result "0-1"]
[WhiteElo "1500"]
[BlackElo "1687"]
[PlyCount "71"]
[EventDate "2000.02.26"]
[EventType "swiss"]
[EventRounds "6"]
[EventCountry "ITA"]
[SourceTitle "EXT 2023"]
[Source "ChessBase"]
[SourceDate "2022.10.05"]
[SourceVersion "1"]
[SourceVersionDate "2022.10.05"]
[SourceQuality "1"]

1. Nf3 Nf6 2. g3 d5 3. Bg2 e6 4. 0-0 Be7 5. d3 c5 6. a4 Nc6 7. c3 0-0 8. Qc2 e5 9. e4 d4 10. h3 h6 11. Nbd2 Be6 12. Ne1 Qd7 13. Kh2 Rfd8 14. f4 exf4 15. gxf4 Qc7 16. Nc4 g5 17. Kg1 g4 18. e5 Nh5 19. hxg4 Bxg4 20. Qf2 Ng7 21. Qg3 h5 22. Be4 Kh8 23. Rf2 Nf5 24. Bxf5 Bxf5 25. Qh2 Rg8+ 26. Kf1 Bg4 27. Rg2 Qd7 28. Kf2 Qf5 29. Bd2 Rg7 30. Nd6 Bxd6 31. exd6 Re8 32. Rd1 Bxd1 33. Kg1 Rxg2+ 34. Nxg2 Qxd3 35. Qxh5+ Bxh5 36. d7 0-1